000 01072nam a2200313 i 4500
001 197960
003 ES-MaACL
005 20251211063021.0
008 251114s2024 sp |||||| 001 1 spa d
017 _aM 24048-2024
_bOficina Depósito Legal Madrid
020 _a978-84-128692-8-6
040 _aES-MaACL
_bspa
_cES-MaACL
_erda
080 _a821-134.2-31"20"
100 1 _aPérez Sobrino, Mónica
_9242509
_eaut
245 1 0 _aMadame Nadie /
_cMónica Pérez Sobrino
250 _aPrimera edición: noviembre 2024
264 1 _a[Madrid] :
_bCírculo de Tiza,
_c2024
300 _a207 páginas ;
_c21 cm
336 _aTexto
_2rdacontent
337 _asin mediación
_2rdamedia
338 _avolumen
_2rdacarrier
500 _aÍndice
655 0 _9233957
_aNovelas románticas
852 _aES-MaACL
_cDEPO1
_jA-15855
_xEncuadernación rústica
_9206974
942 _cMONOGRAFIA
_n0
999 _c197960
_d197960